00416pab a2200121 454500008004000000100002600040245013000066260000900196300001500205362000800220650002100228773004500249180718b2012 xxu||||| |||| 00| 0 eng d aSpan, Kees C.L. et al aThe relationship between governance roles and performance in local public interorganizational networks: A conceptual analysis c2012 ap.186-201. aMar aNetwork analysis aAmerican Review of Public Administration